Представление документа в формате RUSMARC

ПолеНазваниеЗначение
  Тип записи a
  Библиографический уровень m
001 Контрольный номер RU/IS/BASE/283950773
005 Дата корректировки 20201206204529.0
010 Индекс ISBN __
a ISBN 0-19-437214-6
d Цена 477-00
101 Язык документа 0_
a Язык текста eng
c Язык оригинала eng
200 Заглавие и сведения об ответственности 1_
a Заглавие Language and Culture
f Первые сведения об ответственности Claire Kramsch
b Общее обозначение материала Текст
200 Заглавие и сведения об ответственности __
d Параллельное заглавие Язык и культура
210 Выходные данные __
a Место издания Oxford
c Издательство Oxford University Press
d Дата издания 2008 [т.е. 2007]
215 Физическое описание __
a Объем 134 p.
225 Серия __
a Серия Oxford Introductions to Language Study
300 Общие примечания __
a Общие примечания Текст на англ. яз.
a Общие примечания Кн. факт. изд. в 2007 г.
330 Аннотация __
a Аннотация Исследуется взаимосвязь культуры и языка, объясняются ключевые понятия, такие как: социальный контекст и культурная аутентичность, используя знания различных областей лингвистики, социологии и антропологии.
606 Тематические рубрики __
a Основная рубрика История языкознания
a Основная рубрика Общее языкознание
a Основная рубрика Теория и философия языка
a Основная рубрика Языкознание
610 Ключевые слова __
a Ключевые слова лингвистика; культура; языки (языкознание); языковедение; социальный контекст; культурная аутентичность
686 Индексы других классификаций __
a Классификационный индекс 81
700 Автор _1
a Фамилия Kramsch
b Имя C.
g Полное личное имя Claire
4 Код отношения 070
801 Источник записи _0
a Страна RU
b Организация Муниципальное бюджетное учреждение культуры "Централизованная библиотечная система" г. Сургут (Центральная городская библиотека им. А. С. Пушкина)
g Правила каталогизации КиК/Поспелова
801 Источник записи _1
a Страна RU
b Организация Муниципальное бюджетное учреждение культуры "Централизованная библиотечная система" г. Сургут (Центральная городская библиотека им. А. С. Пушкина)
g Правила каталогизации КиК/Поспелова
852 Данные о местонахождении __
j Шифр хранения 81
c Каталожный индекс 81
i Авторский знак K 81
901 Тип документа __
t Тип документа m
903 Характеристики (МАРС) __
a Дата передачи 20070926
990 Данные о заказе (DOS) __
j Количество экземпляров (DOS) 1
t N записи в КСУ для И/У (DOS) 200710